00446nam a2200157Ia 4500003000400000005001700004008004100021020001800062040000900080082001900089100002100108245009300129250001200222260004500234300000900279OSt20201020131136.0190216s9999||||xx |||||||||||||| ||und|| a9788189059613 coclc a891.409bSAT/E aSatyanarayana, K 0aThe Exercise Of Freedom An Introducton To Dalit Writing /cK Satyanarayana ; Susie Tharu a1st Ed. bNavayana Publishing ,c2013.aNew Delhi: a183p